| 000 | 00461ntaaa2200181 4500 | ||
|---|---|---|---|
| 003 | 01 | ||
| 005 | 20251027202758.0 | ||
| 008 | 0714s1973 ag 01 | ||
| 040 |
_aAR-BaBN _bspa _cAR-BaBN _eaacr _dRIC |
||
| 082 | _a820.0000 H24 | ||
| 100 |
_aHarrison-Berlitz, Maxime _928016 |
||
| 245 | _aEnglish literature | ||
| 250 | _a1 ed. | ||
| 260 |
_aNew York : _bBerlitz Schools of language, _cn.f. |
||
| 300 | _a251 p | ||
| 500 | _aSin página de título | ||
| 942 | _cBK | ||
| 999 |
_c23107 _d23107 |
||